[Event "Fagernes GM-A 2019"]
[Site "Fagernes"]
[Date "2019.04.14"]
[Round "1.1"]
[White "Dahl, Trygve"]
[Black "Demchenko, Anton"]
[Result "0-1"]
[WhiteElo "2275"]
[BlackElo "2661"]
[Annotator "TA"]
[PlyCount "68"]
[EventDate "2019.04.14"]
[EventType "tourn"]
[EventCountry "NOR"]
[SourceTitle "playchess.com"]
[Source "ChessBase"]
[SourceQuality "1"]

{[%evp 18,68,37,18,28,0,0,0,2,0,0,0,0,-17,0,-23,33,-58,-51,-51,-52,-55,-20,-41,-35,-35,-36,-89,-68,-85,-54,-87,-64,-120,-116,-130,-140,-239,-239,-282,-282,-282,-283,-283,-277,-279,-271,-279,-279,-748,-743,-737,-732]} 1. e4 c5 2. Nf3 Nc6 3. d4 cxd4 4. Nxd4 Nf6 5. Nc3 d6 6. Bg5 e6 7. Qd2 a6 8. O-O-O Be7 9. f4 Bd7 10. Kb1 b5 {B68: Sicilian: Richter-Rauzer: 7...a6 8 0-0-0 Bd7 9 f4 Be7} 11. Bxf6 (11. a3 {keeps more tension.} O-O 12. Nf3 Bc8 13. Bd3 b4 14. e5) 11... Bxf6 12. Nxc6 Bxc6 {The position is equal.} 13. Qxd6 Qxd6 14. Rxd6 Rc8 {[#]} 15. Rd3 $146 ({Predecessor:} 15. a4 Bxc3 16. bxc3 Bxe4 17. Rxa6 Rxc3 18. Bxb5+ {½-½ (26) Yu,Y (2705)-Salem,A (2586) Doha 2014}) 15... h6 16. a3 g5 (16... O-O $11) 17. fxg5 (17. g3 $14) 17... hxg5 $15 18. Be2 Be5 19. h3 Rb8 20. Rhd1 b4 21. axb4 Rxb4 22. Bf3 {[#]} (22. b3 $15) 22... Ke7 $1 $17 {[%mdl 1024] Black has strong compensation.} 23. b3 Rhb8 24. Kc1 Rc8 25. Na2 (25. Bg4 $15) 25... Rb6 26. Kb1 a5 27. Nc1 (27. Re3 $17) 27... a4 $19 28. Na2 axb3 29. Rxb3 Rcb8 30. Nc1 Ra6 {[%csl Ge5][%cal Ra6a1] [#]} 31. c3 {and the idea Rxb8 leaves White hopeful.} Rab6 32. Ka2 Bb5 {Hoping for ...Bc4.} 33. Be2 $2 (33. Ka3) 33... Bxe2 34. Rxb6 Bxd1 {Accuracy: White = 22%, Black = 69%.} ({Worse is} 34... Rxb6 35. Nxe2 Kf6 36. Rf1+ Ke7 37. Nd4 $14) 0-1

[Event "Fagernes GM-A 2019"]
[Site "Fagernes"]
[Date "2019.04.14"]
[Round "1.2"]
[White "Alekseev, Evgeny"]
[Black "Nordquelle, Daniel"]
[Result "1-0"]
[WhiteElo "2649"]
[BlackElo "2264"]
[Annotator "RC"]
[PlyCount "63"]
[EventDate "2019.04.14"]
[EventType "tourn"]
[EventCountry "NOR"]
[SourceTitle "playchess.com"]
[Source "ChessBase"]
[SourceQuality "1"]
[TimeControl "40/7200:3600"]

1. d4 {[%emt 0:00:23]} d5 {[%emt 0:00:46]} 2. Nf3 {[%emt 0:01:41]} Nf6 {[%emt 0:03:59]} 3. c4 {[%emt 0:03:07]} e6 {[%emt 0:00:53]} 4. e3 {[%emt 0:06:49]} a6 {[%emt 0:04:45]} 5. b3 {[%emt 0:05:43]} Bb4+ {[%emt 0:00:37]} 6. Nbd2 {[%emt 0:15:37]} dxc4 {[%emt 0:06:33]} 7. bxc4 {[%emt 0:02:27]} c5 {[%emt 0:00:45]} 8. Be2 {[%emt 0:18:28]} Nc6 {[%emt 0:04:02]} 9. O-O {[%emt 0:09:45]} O-O {[%emt 0:05:42]} 10. Bb2 {[%emt 0:01:18]} cxd4 {[%emt 0:07:41]} 11. exd4 {[%emt 0:00:08]} Bd6 {[%emt 0:00:10]} 12. Bd3 {[%emt 0:06:51]} Re8 {[%emt 0:00:26]} 13. Ne4 {[%emt 0:03:19]} Nxe4 {[%emt 0:01:45]} 14. Bxe4 {[%emt 0:00:02]} f5 {[%emt 0:03:52]} 15. Bc2 {[%emt 0:01:23]} b5 {[%emt 0:03:40]} 16. c5 {[%emt 0:02:37]} Bc7 {[%emt 0:00:35]} 17. Re1 {[%emt 0:02:26]} Nb4 {[%emt 0:11:16]} 18. Bb3 {[%emt 0:04:07]} Nd5 {[%emt 0:24:23]} 19. Rc1 {[%emt 0:01:39]} Kh8 {[%emt 0:02:34]} 20. Ne5 {[%emt 0:03:05]} Bxe5 {[%emt 0:04:08]} 21. Rxe5 {[%emt 0:00:30]} Nc7 {[%emt 0:00:22]} 22. Qh5 {[%emt 0:05:38]} a5 {[%emt 0:01:53]} 23. a3 {[%emt 0:00:35]} b4 {[%emt 0:02:04]} 24. a4 {[%emt 0:04:11]} Ba6 {[%emt 0:03:58]} 25. c6 {[%emt 0:04:49]} Bd3 {[%emt 0:00:18]} 26. d5 {[%emt 0:05:07]} exd5 {[%emt 0:02:25]} 27. Qf7 {[%emt 0:00:34]} Rf8 {[%emt 0:00:52]} 28. Qd7 {[%emt 0:00:41]} Re8 {[%emt 0:09:06]} 29. Qf7 {[%emt 0:00:42]} Rxe5 {[%emt 0:04:50]} 30. Bxe5 {[%emt 0:00:06]} Qg5 {[%emt 0:00:03]} 31. f4 {[%emt 0:00:56]} Qg4 {[%emt 0:00:06]} 32. Bd1 {[%emt 0:00:51]} 1-0

[Event "Fagernes GM-A 2019"]
[Site "Fagernes"]
[Date "2019.04.14"]
[Round "1.3"]
[White "Dolzhikova, Olga"]
[Black "Vovk, Andriy"]
[Result "0-1"]
[WhiteElo "2231"]
[BlackElo "2616"]
[Annotator "TA"]
[PlyCount "148"]
[EventDate "2019.04.14"]
[EventType "tourn"]
[EventCountry "NOR"]
[SourceTitle "playchess.com"]
[Source "ChessBase"]
[SourceQuality "1"]

{[%evp 11,148,0,15,-10,-12,-6,-15,-24,-17,-6,-22,-16,-9,-15,41,0,0,4,29,29,41,35,39,35,30,39,41,25,18,0,0,0,0,0,4,0,0,0,24,29,67,14,14,0,72,68,77,82,141,82,158,147,168,175,175,175,153,0,0,0,0,0,0,0,0,0,0,0,0,0,0,0,11,8,8,8,13,8,8,8,8,8,8,8,8,11,45,0,0,0,8,-8,-8,-8,-8,-8,-8,-8,-8,-8,-8,-8,-8,-8,-8,-8,0,0,0,-8,0,0,0,-8,-8,-8,-8,-8,-8,-8,-8,-8,-8,-8,-8,-8,-8,-8,-8,-8,-8,-810,-8,-29969,-8,-8,-8,-29983,-29984]} 1. e4 c5 2. c3 Nf6 3. e5 Nd5 4. d4 cxd4 5. Nf3 d6 6. Qxd4 e6 7. Bb5+ {B22: Sicilian: 2 c3} (7. Nbd2 {is more complex.} a6 8. g3 Nc6 9. Qe4 Qc7 10. exd6 Bxd6 11. Nc4) (7. Nbd2 Nc6 8. Bb5 Bd7 9. Bxc6 Bxc6 10. Nc4 f6 11. Qg4 dxe5 12. Qxe6+ Be7 13. O-O Qd7 14. Qxd7+ Bxd7 15. Rd1 {½-½ (26) Sveshnikov,E (2496)-Palac,M (2548) Bled 2018}) 7... Bd7 8. Bxd7+ Qxd7 9. O-O {The position is equal.} Nc6 10. Qe4 dxe5 11. Nxe5 Nxe5 12. Qxe5 f6 $146 ({Black should play} 12... O-O-O $11) ({Predecessor:} 12... Qd6 13. Qxd6 Bxd6 {0-1 (60) Zivkovic,M (2107)-Buyukasik,D (2261) Nis 2017}) 13. Qh5+ (13. Qe2 {with more complications.} Bd6 14. Rd1 Qe7 15. c4 Nb4 16. Nc3) 13... g6 14. Qe2 Be7 15. c4 Nb4 16. Rd1 Qc8 $1 17. Nc3 Kf7 18. Be3 Nc6 19. Rac1 Rd8 20. Nb5 a6 21. Rxd8 Nxd8 22. Nc3 Qc6 23. h3 Rc8 24. b3 $36 {[%mdl 2048] White has good play.} Qc7 25. Na4 Qe5 26. Nb6 (26. Rd1 $14) 26... Rc6 $11 27. Qd2 Qd6 (27... Rd6 $11 {remains equal.} 28. Qe1 Rd3) 28. Qc2 $16 Qe5 29. c5 Kg7 (29... Qf5 $142) 30. b4 (30. Qd2 $142) 30... Nf7 (30... Rc7 $142) 31. Qd2 g5 32. Qd7 Rc7 33. Qe8 Bd6 34. cxd6 $2 (34. g3 $16 Qe4 35. Nd7 (35. cxd6 Rxc1+ 36. Bxc1 Ne5 $11)) 34... Rxc1+ $11 35. Bxc1 Qe1+ {[%mdl 64] Double Attack} 36. Kh2 Qxc1 37. Qxe6 {White wants to play Nd5.} Qf4+ {[%mdl 64] Double Attack} 38. Kg1 Qxd6 39. Qxd6 Nxd6 {[%mdl 4096] Endgame KN-KN} 40. Kf1 Kf7 41. Ke2 Ne4 42. Ke3 Nc3 43. a4 Ke6 44. Kd4 Ne2+ 45. Kc5 Nf4 46. Nc4 Nd3+ $1 47. Kb6 Nxb4 48. Kxb7 Kd5 $1 {[%cal Rd5c4]} 49. Ne3+ Kc5 $1 50. Ng4 f5 51. Nh6 a5 52. Nxf5 Nd3 {Threatening ...Kb4.} 53. Ne7 Kb4 54. Nc6+ Kxa4 {And now ...Kb5 would win.} 55. Kb6 Nf4 {Strongly threatening ...h5.} 56. Nxa5 Nxg2 57. Nc6 Nf4 {White must now prevent ...h5.} 58. Kc5 Nxh3 59. f3 h5 {Threatens to win with ...g4.} 60. Kd4 h4 61. Ne5 Kb3 {aiming for ...Kc2.} 62. Ng4 Kc2 {Hoping for ...Kd2.} 63. Ke4 Kd2 64. Nh2 Ke2 65. Kf5 Kf2 (65... Ke3 $5 66. Kg4 $8 Nf4 $11) 66. f4 $1 gxf4 67. Kg4 Ng1 {...Kg2 is the strong threat.} 68. Kxf4 Kg2 69. Ng4 Ne2+ 70. Ke3 Nc3 71. Kf4 $2 {[%mdl 8192] [#]} (71. Nf2 $11 Nd5+ 72. Ke2) 71... Nd1 $2 ({Better is} 71... Nd5+ $1 $19 72. Kg5 h3) 72. Kg5 $2 {[%mdl 8192] [#]} (72. Ne5 $11 h3 73. Nf3) 72... h3 $2 (72... Kg3 $1 {mates} 73. Kh5 h3 74. Kg5 Nf2 75. Ne3 Ne4+ 76. Kh5 Nf6+ 77. Kg5 Kf2 78. Nf5 h2 79. Kxf6 h1=Q 80. Ke5 Qh8+ 81. Ke4 Qa8+ 82. Ke5 Qb8+ 83. Ke4 Qe8+ 84. Kd5 Qb5+ 85. Ke6 Qc6+ 86. Ke5 Qc5+ 87. Ke4 Qc7 88. Kd5 Qa5+ 89. Ke4 Qa8+ 90. Kd4 Qa7+ 91. Kd3 Qc5 92. Ke4 Qc6+ 93. Ke5 Qc5+ 94. Ke4) 73. Kh4 $1 Nf2 {[%mdl 64] ( -> ...Nxg4). Overworked Piece} 74. Nxf2 $2 {[%mdl 8192]} (74. Ne3+ $11 Kg1 75. Ng4) 74... h2 {Accuracy: White = 59%, Black = 54%.} 0-1

[Event "Fagernes GM-A 2019"]
[Site "Fagernes"]
[Date "2019.04.14"]
[Round "1.4"]
[White "Postny, Evgeny"]
[Black "Andersen, Morten"]
[Result "1-0"]
[WhiteElo "2612"]
[BlackElo "2223"]
[Annotator "TA"]
[PlyCount "81"]
[EventDate "2019.04.14"]
[EventType "tourn"]
[EventCountry "NOR"]
[SourceTitle "playchess.com"]
[Source "ChessBase"]
[SourceQuality "1"]

{[%evp 14,81,5,5,5,7,7,0,43,26,49,46,63,57,54,54,90,97,97,90,97,85,144,166,181,126,114,117,128,120,146,104,147,139,139,139,147,143,143,137,162,162,181,179,196,199,232,222,264,257,277,271,271,270,275,270,302,307,292,296,393,399,380,330,376,369,385,405,395,327]} 1. d4 Nf6 2. c4 e6 3. Nf3 d5 4. g3 Bb4+ 5. Bd2 Be7 6. Bg2 O-O 7. O-O c6 8. Bf4 dxc4 {E11: Bogo-Indian} (8... Nbd7 9. Qc2 b6 10. cxd5 cxd5 11. Rc1 Bb7 12. Qb3 Rc8 13. Rxc8 Qxc8 14. Nc3 a6 15. Rc1 Qa8 16. Na4 b5 17. Nc5 Nxc5 18. dxc5 d4 {½-½ (30) Wojtaszek,R (2749)-Ding,L (2816) Shenzhen 2018}) 9. Ne5 Nd5 10. Nxc4 Nd7 {The position is equal.} 11. Bd2 c5 $146 ({Predecessor:} 11... b6 12. Ne3 Bb7 13. Nc3 N7f6 14. Nexd5 Nxd5 {0-1 (38) Le,T (2344)-Khan,N (1985) Kolkata 2009}) 12. dxc5 Bxc5 13. Nc3 N7f6 14. Rc1 Qe7 15. Na4 Bb4 16. e4 Bxd2 17. Qxd2 Nc7 (17... b5 $142) 18. Qd6 $16 Qd7 19. Qa3 (19. Nc5 $18 Qxd6 20. Nxd6) 19... Nb5 20. Qb4 {aiming for Rfd1.} Nd4 {[#] White must now prevent ...Ne2+.} 21. Ne5 Ne2+ 22. Kh1 Qd4 23. Qxd4 $40 {[%mdl 128] White wants a kill.} Nxd4 24. Rfd1 Nc6 25. Nxc6 bxc6 26. Nc5 Rb8 27. b3 Ng4 28. Kg1 e5 29. Rd6 f5 30. h3 Nh6 31. Rxc6 fxe4 32. g4 ({Don't do} 32. Bxe4 $6 Bxh3 33. f3 Bf5 $16) (32. Nxe4 Nf5 $18) 32... Nf7 33. Nxe4 ({Resist} 33. Bxe4 $6 Rd8 $18) 33... Bb7 34. Rc7 Rbc8 35. R1c5 Rxc7 36. Rxc7 Bxe4 37. Bxe4 Rd8 {[#]} 38. Bxh7+ $1 {[%mdl 576] Deflection} Kxh7 39. Rxf7 $18 {KR-KR. White is winning.} a5 40. Ra7 Rd5 41. Ra6 {Accuracy: White = 92%, Black = 49%.} 1-0

[Event "Fagernes GM-A 2019"]
[Site "Fagernes"]
[Date "2019.04.14"]
[Round "1.5"]
[White "Vitenberg, Noam Aviv"]
[Black "Turov, Maxim"]
[Result "0-1"]
[WhiteElo "2203"]
[BlackElo "2584"]
[Annotator "TA"]
[PlyCount "94"]
[EventDate "2019.04.14"]
[EventType "tourn"]
[EventCountry "NOR"]
[SourceTitle "playchess.com"]
[Source "ChessBase"]
[SourceQuality "1"]

{[%evp 27,94,-13,1,-27,-27,-38,-37,-31,-38,-14,0,0,0,0,0,0,0,0,0,0,0,0,0,-23,0,0,0,-27,0,0,0,0,0,0,0,0,0,0,0,0,0,-8,0,0,0,0,0,0,0,-8,0,-383,-349,-1045,-1058,-970,-925,-740,-706,-1139,-1041,-29980,-29981,-29980,-29980,-6336,-5110,-5093,-4134]} 1. Nf3 Nf6 2. c4 e6 3. Nc3 d5 4. d4 Bb4 5. cxd5 exd5 6. Bg5 h6 7. Bh4 g5 8. Bg3 Ne4 9. Nd2 Nxg3 10. hxg3 c6 {D38: Queen's Gambit Declined: Ragozin Defence (4 Nf3 Bb4)} 11. Qc2 (11. e4 Qe7 12. Qb3 dxe4 13. a3 e3 14. Qxb4 exd2+ 15. Kxd2 Qxb4 16. axb4 Kf8 17. b5 Kg7 18. Na4 {1-0 (87) Lysyj,I (2655)-Moiseenko,A (2712) Yerevan 2014}) 11... Be6 12. e3 Nd7 13. Bd3 Qe7 14. a3 Bd6 {LiveBook: 7 Games} 15. Na4 {[#]} O-O-O $146 ({Predecessor:} 15... h5 16. Nf3 O-O-O 17. b4 Kb8 18. b5 cxb5 19. Bxb5 {0-1 (54) Rombaldoni,D (2469)-Shengelia,D (2560) Novi Sad 2009}) 16. b4 Kb8 $1 17. Nc5 Bg4 18. Bf5 Bxf5 (18... Nf6 {seems wilder.} 19. Kf1 h5 20. Re1 Rde8 21. a4 Bxf5 22. Qxf5 Ng4) 19. Qxf5 Nxc5 20. bxc5 Bxg3 {[%mdl 64] [#] Deflection} 21. fxg3 {Hoping for Qd3.} Qxe3+ {[%mdl 64] Double Attack} 22. Kd1 Qxd4 23. Rb1 Qxc5 24. Qxf7 {[%csl Gb1][%cal Rf7b7]} b6 $1 25. Qf6 (25. Re1 {is interesting.} Qxa3 26. Re7 Qa4+ 27. Ke2 d4 28. Rb3) 25... Qd6 (25... Rhe8 {looks sharper.} 26. Rc1 Rd6 27. Rxc5 Rxf6 28. Rc3 Re7) 26. Qxd6+ Rxd6 27. Kc2 Rf8 28. Rbe1 Kb7 29. Re7+ Ka6 $1 30. Rh7 Rff6 31. Re1 Rde6 32. Rxe6 Rxe6 $11 {[%mdl 4096] Endgame KRN-KR} 33. Kd3 c5 34. a4 Re1 35. Rxh6 Ka5 36. Rd6 d4 {[%cal Bd5d4,Bd4d3][%mdl 32]} 37. Rd7 Kxa4 {aiming for ...a5.} 38. Rxa7+ Kb4 {Strongly threatening ...Re3+.} 39. Kc2 $2 {[%mdl 8192]} (39. Nc4 $11 {and White stays safe.}) 39... c4 $19 {[%cal Bc5c4,Bc4c3][%mdl 32]} 40. Nf3 $2 (40. Nxc4 Kxc4 41. Rc7+ Kb4 42. Rd7) 40... d3+ 41. Kd2 Re2+ {[%mdl 64] [#] Double Attack} 42. Kd1 Rxg2 43. Rb7 b5 44. Nxg5 c3 {[%cal Rg2g1]} 45. Nf3 Ra2 {[%cal Ra2a1]} 46. Ke1 Ra1+ 47. Kf2 d2 {Accuracy: White = 45%, Black = 78%.} 0-1

[Event "Fagernes GM-A 2019"]
[Site "Fagernes"]
[Date "2019.04.14"]
[Round "1.6"]
[White "Romanov, Evgeny"]
[Black "Nielsen, Andre"]
[Result "1-0"]
[WhiteElo "2576"]
[BlackElo "2201"]
[Annotator "TA"]
[PlyCount "45"]
[EventDate "2019.04.14"]
[EventType "tourn"]
[EventCountry "NOR"]
[SourceTitle "playchess.com"]
[Source "ChessBase"]
[SourceQuality "1"]

{[%evp 13,45,14,25,7,41,32,47,0,0,-47,-30,-47,-16,-29,59,67,62,52,147,152,130,139,250,254,244,231,538,547,546,545,527,501,512,439]} 1. Nf3 d5 2. c4 d4 3. b4 g6 4. g3 Bg7 5. d3 e5 6. Bg2 Ne7 7. O-O O-O 8. a4 {A09: Réti Opening: 1 Nf3 d5 2 c4} a5 9. b5 c5 10. bxc6 {White is slightly better.} (10. Ra2 Nd7 11. e3 dxe3 12. fxe3 e4 13. dxe4 Ne5 14. Nxe5 Bxe5 15. Bb2 Bxb2 16. Rxb2 {0-1 (65) Oparin,G (2613)-Korobov,A (2698) St Petersburg 2018}) 10... Nexc6 11. Ba3 Re8 12. Ne1 $146 ({Predecessor:} 12. Nbd2 Na6 13. Ne1 Ncb4 14. Nc2 Bf8 15. Nb3 {1-0 (40) Jovanic,O (2313)-Skembris,S (2475) Montecatini Terme 2000}) 12... f5 13. Nd2 Nd7 (13... Nb4 $11) 14. Bd5+ $14 Kh8 15. Bf7 e4 (15... Re7 $14 16. Bxe7 Qxe7) 16. Bxe8 $16 Qxe8 17. Ng2 e3 (17... b6 $16 18. Nf4 e3) 18. fxe3 $18 dxe3 19. Nf3 Bxa1 $2 {[#]} (19... Nb4 {is tougher.} 20. Rb1 Nc5 21. Bxb4 axb4 22. Rxb4 Nxa4) 20. Qxa1+ {White is clearly winning.} Kg8 21. Qc3 Nce5 22. Bb2 Nxf3+ 23. Rxf3 {Accuracy: White = 58%, Black = 20%.} 1-0

[Event "Fagernes GM-A 2019"]
[Site "Fagernes"]
[Date "2019.04.14"]
[Round "1.7"]
[White "Skotheim, Andreas"]
[Black "Vorobiov, Evgeny E."]
[Result "0-1"]
[WhiteElo "2182"]
[BlackElo "2565"]
[Annotator "TA"]
[PlyCount "82"]
[EventDate "2019.04.14"]
[EventType "tourn"]
[EventCountry "NOR"]
[SourceTitle "playchess.com"]
[Source "ChessBase"]
[SourceQuality "1"]

{[%evp 16,82,-8,-31,-24,-46,36,32,38,34,35,0,10,10,12,15,11,0,4,3,12,8,13,0,0,0,0,0,0,0,0,0,0,0,0,0,11,8,18,0,0,0,0,0,0,0,-12,-68,-68,-193,-165,-379,-174,-277,-170,-148,-68,-79,-68,-579,-579,-508,-507,-29981,-29982,-29982,-29983,-29983,-29984]} 1. c4 e5 2. g3 c6 3. Nf3 e4 4. Nd4 d5 5. cxd5 Qxd5 6. e3 Nf6 {A20: English Opening: 1...e5} 7. Nc3 Qe5 8. Bg2 Bc5 (8... Bb4 9. f4 exf3 10. Nxf3 Qh5 11. O-O O-O 12. Ne2 Bd6 13. d3 Rd8 14. Qc2 Na6 {0-1 (59) Dimitrov,R (2534)-Saric,I (2695) Skopje 2018}) 9. Nb3 {LiveBook: 7 Games} Na6 $146 ({Predecessor:} 9... Bb6 10. d4 exd3 11. Qxd3 O-O 12. Qe2 a5 13. O-O Bg4 14. Qc2 {1-0 (39) Liang,A (2589)-Sadhwani,R (2434) Sitges 2018}) 10. O-O O-O {[#]} (10... Bb6 $15) 11. Nxe4 $1 $14 {[%mdl 512]} Nxe4 12. d4 Qe7 {And now ...Bb6 would win.} 13. Nxc5 (13. dxc5 {looks sharper.} Nexc5 14. Nd4 Rd8 15. Bxc6 Bh3 16. Bg2) 13... Naxc5 14. dxc5 Nxc5 15. Qc2 Rd8 16. e4 Ne6 17. Be3 Nd4 18. Bxd4 Rxd4 19. Rfd1 Rxd1+ 20. Rxd1 Be6 21. a3 Rd8 22. Rd3 g5 23. h3 h6 24. Kh2 Rxd3 25. Qxd3 Qc7 26. Qd4 Qb6 27. Qf6 Kh7 28. f4 gxf4 29. gxf4 Qf2 30. Qe5 c5 31. f5 ({White should play} 31. b4 $11) 31... Bc4 $15 {Threatens to win with ...Bf1.} 32. Qc3 (32. Kh1 $15) 32... b5 $1 $19 {[%cal Bb7b5,Bb5b4,Bb4a3,Ba3a2][%mdl 32]} 33. Qf6 $2 (33. b4 cxb4 34. axb4) 33... a5 (33... b4 $142 34. axb4 cxb4) 34. Kh1 (34. Qc3 $142) 34... Qd4 $36 {[%mdl 2048] Black is in control.} 35. Qe7 {[#]} Qxb2 (35... Qe3 $1 $17 {...Qc1+ is the strong threat.} 36. Qe5 Qd4) 36. Qxc5 $15 a4 37. Qd6 $2 {[%mdl 8192] [#]} (37. Qf8 $15) 37... b4 $1 $19 {[%cal Rb4a3][%mdl 512]} 38. f6 (38. axb4 a3) 38... bxa3 {( -> ...a2)} 39. e5 (39. Qf4 $19 Be6 40. e5) 39... Qc1+ {Black mates.} 40. Kh2 Qf4+ 41. Kh1 a2 {Precision: White = 40%, Black = 59%.} 0-1

[Event "Fagernes GM-A 2019"]
[Site "Fagernes"]
[Date "2019.04.14"]
[Round "1.8"]
[White "Urkedal, Frode Olav Olsen"]
[Black "Royset, Pal"]
[Result "1-0"]
[WhiteElo "2513"]
[BlackElo "2167"]
[Annotator "TA"]
[PlyCount "49"]
[EventDate "2019.04.14"]
[EventType "tourn"]
[EventCountry "NOR"]
[SourceTitle "playchess.com"]
[Source "ChessBase"]
[SourceQuality "1"]

{[%evp 19,49,28,20,1,9,7,18,8,7,17,23,0,1,0,0,0,68,37,60,68,89,83,216,223,216,200,245,227,404,408,405,396]} 1. d4 d5 2. c4 e6 3. Nc3 h6 4. Nf3 Nf6 5. g3 c5 6. cxd5 exd5 7. Bg2 Nc6 8. O-O Be7 9. dxc5 Bxc5 10. Bf4 O-O 11. Rc1 {D30: Queen's Gambit Declined: Systems without Nc3} Re8 (11... Be7 12. Ne5 Be6 13. Nxc6 bxc6 14. Na4 Qa5 15. Be3 Rab8 16. b3 Rfc8 17. Bc5 Bxc5 18. Nxc5 Bf5 {½-½ (51) Demianjuk,A (2327)-Munguntuul,B (2433) Moscow 2015}) 12. Na4 Bf8 13. a3 $146 {The position is equal.} ({Predecessor:} 13. Be3 Rxe3 14. fxe3 Ng4 15. Qd3 Qa5 16. Nc3 Nxe3 17. Kh1 Nxf1 18. Rxf1 Be6 {0-1 (42) Martin,M (1944)-Smith,S (2168) Port of Spain 2017}) 13... Bg4 14. h3 Bf5 15. b4 a6 16. Nd4 $36 {[%mdl 2048] White has some pressure.} Bd7 $1 {[#] And now ...Nxd4 would win.} 17. Nc3 Qb6 (17... a5 $11) 18. Nb3 d4 19. Na4 Qb5 20. Nac5 Qxe2 (20... Bf5 $16 {was worth a try.}) 21. Qxe2 $18 ({Less strong is} 21. Nxd4 Qxd1 22. Rfxd1 Bxc5 $14) ({Resist} 21. Nxb7 $6 Rac8 $16) 21... Rxe2 22. Nxb7 Rb2 23. N3c5 ({Inferior is} 23. Bxc6 Bxc6 24. Rxc6 Rxb3 $11) 23... Bxc5 $2 {[#]} (23... Ne7 24. Nxd7 Nxd7) 24. Nxc5 Be8 25. Na4 {Accuracy: White = 71%, Black = 24%.} 1-0

[Event "Fagernes GM-A 2019"]
[Site "Fagernes"]
[Date "2019.04.14"]
[Round "1.9"]
[White "Bjerke, Richard"]
[Black "Blomqvist, Erik"]
[Result "0-1"]
[WhiteElo "2156"]
[BlackElo "2496"]
[Annotator "TA"]
[PlyCount "56"]
[EventDate "2019.04.14"]
[EventType "tourn"]
[EventCountry "NOR"]
[SourceTitle "playchess.com"]
[Source "ChessBase"]
[SourceQuality "1"]

{[%evp 19,56,2,11,-14,-14,-18,-17,-18,-2,-33,-31,-37,-30,-44,-36,-40,-45,-64,-42,-43,-55,-46,-43,-55,-49,-57,-33,-47,-53,-422,-142,-417,-419,-406,-400,-719,-270,-713,-700]} 1. d4 Nf6 2. c4 e6 3. Nf3 b6 4. g3 c6 5. Bg2 d5 6. O-O Be7 7. Ne5 O-O 8. Nc3 Ba6 9. Qa4 Qe8 10. cxd5 cxd5 11. Qb3 {E15: Queen's Indian: 4 g3 sidelines, 4 g3 Ba6 and 4 g3 Bb7 early deviations} (11. Qxe8 Rxe8 12. Re1 Nbd7 13. Nxd7 Nxd7 14. Bd2 Rac8 15. Rac1 Kf8 16. e3 f5 17. Bf1 Bxf1 18. Kxf1 a6 19. Ne2 g5 20. Rxc8 Rxc8 {½-½ (49) Fridman,D (2604)-Kovalenko,I (2626) Riga 2014}) 11... Nc6 12. Nxc6 $146 ({Predecessor:} 12. Be3 Na5 13. Qc2 Nd7 14. Rfd1 Rc8 15. Rac1 Bb4 16. Bf4 Nxe5 17. dxe5 Bb5 18. Qb1 Bxc3 19. bxc3 Bxe2 {½-½ (44) Farago,I (2443)-Mueller,F (2324) Dresden 2014}) 12... Qxc6 13. Bf4 {The position is equal.} Rac8 14. Rac1 {Threatening Nxd5.} Qd7 15. Rfe1 Rc4 16. e4 dxe4 17. Nxe4 Rfc8 18. Nc3 Bb7 (18... Rxd4 {is more complex.} 19. Be3 Rd6 20. Bf4 Bc4 21. Qc2 Rd3) 19. Bxb7 Qxb7 20. Nb5 Rxc1 21. Rxc1 Rxc1+ 22. Bxc1 Qe4 {[#] Strongly threatening ...Qe1+.} 23. Qe3 Qc2 $36 {[%mdl 2048] Black has the initiative.} 24. Nxa7 $2 {[%mdl 8192]} ({White should play} 24. Nc3 $15) 24... Nd5 $2 (24... Qd1+ $19 {is more deadly.} 25. Kg2 Qa4 {[%mdl 64] Double Attack}) 25. Qd2 $2 {[%mdl 8192] [#]} (25. Qe1 $17 {only move.}) 25... Qa4 $1 $19 {[%csl LRa2,LRa7]} 26. Nc8 Bb4 27. Qg5 (27. Qd3 $142 Qc6 {[%mdl 64] Double Attack} 28. Bd2 Qxc8 29. Bxb4 Nxb4 30. Qb5) 27... Qd1+ {[%mdl 64] Double Attack} 28. Kg2 {next Qd8+ is good for White.} f6 {Accuracy: White = 37%, Black = 57%.} 0-1

[Event "Fagernes GM-A 2019"]
[Site "Fagernes"]
[Date "2019.04.14"]
[Round "1.10"]
[White "Notkevich, Benjamin Arvola"]
[Black "Bentsen, Hakon"]
[Result "1-0"]
[WhiteElo "2495"]
[BlackElo "2155"]
[Annotator "TA"]
[PlyCount "69"]
[EventDate "2019.04.14"]
[EventType "tourn"]
[EventCountry "NOR"]
[SourceTitle "playchess.com"]
[Source "ChessBase"]
[SourceQuality "1"]

{[%evp 15,69,27,18,16,22,14,21,16,11,14,14,18,21,0,8,8,15,0,18,0,4,14,14,14,9,10,30,16,29,26,25,15,45,33,50,50,111,111,121,122,89,108,133,138,160,161,161,74,161,155,161,168,412,404,581,564]} 1. c4 Nf6 2. g3 e6 3. Bg2 d5 4. Nf3 Be7 5. O-O O-O 6. d4 dxc4 7. Qc2 a6 8. a4 Bd7 9. Rd1 {E05: Open Catalan: 5 Nf3 Be7} Bc6 10. Bg5 a5 11. Nbd2 {The position is equal.} Na6 12. Nxc4 Nb4 13. Qb3 {[#]} Be4 $146 {Black wants to play ...Bc2.} ({Predecessor:} 13... Nd7 14. Bxe7 Qxe7 15. Qa3 Rfd8 16. Rac1 Nd5 {½-½ (72) Rapport,R (2692)-Aronian,L (2801) Palma de Mallorca 2017}) 14. Rac1 c6 15. Bxf6 Bxf6 16. Nfe5 Bxg2 17. Kxg2 b5 18. Ne3 Bxe5 19. dxe5 Qb6 20. Rd6 bxa4 21. Qxa4 Qb5 22. Qxb5 cxb5 23. Rc7 Rab8 24. f4 h6 25. f5 $36 {[%mdl 2048] White is more active.} exf5 ({Black should play} 25... Rfc8 $14 26. Rxc8+ Rxc8) 26. e6 $16 fxe6 27. Rdd7 $1 {[%cal Rd7g7]} Rf6 28. Rxg7+ Kh8 29. Kh3 {[%mdl 1024] Hoping for Ng2. White has strong compensation.} Nd5 30. Rh7+ $1 Kg8 31. Rcg7+ $1 Kf8 {[#]} 32. Ra7 $1 {[%cal Rh7h8]} Kg8 {[#]} 33. Ng2 $1 Rb6 $2 (33... Rg6 {keeps fighting.}) 34. Nh4 $18 e5 (34... Rc6 $142 35. Rhd7 Nb6) 35. Rhg7+ {Accuracy: White = 90%, Black = 48%.} 1-0